000 00463nam a22001577a 4500
003 LK-CoMWRAF
005 20240331154950.0
008 240331b |||||||| |||| 00| 0 eng d
040 _aLK-CoMWRAF
_dLK-CoMWRAF
_eLK-CoMWRAF
041 _aeng
245 _aPromoting gender equality and empowerment of women:
_ban unwavering commitment
260 _aColombo:
_bCentre for women's research,
650 _aGENDER EQUALITY
650 _aWomen empowerment
942 _cBK
999 _c4876
_d4876